Random Governors by Picture - Statistics

General Stats
  • This quiz has been taken 423 times
    28 since last reset
  • The average score is 10 of 16
Answer Stats
Picture Answer % Correct
Gavin Newsom
100%
Gretchen Whitmer
100%
J.B. Pritzker
100%
Katie Hobbs
100%
Kay Ivey
100%
Kevin Stitt
100%
Laura Kelly
100%
Mike Dunleavy
100%
Patrick Morrisey
100%
Ron DeSantis
100%
Sarah Huckabee Sanders
100%
Spencer Cox
100%
Tim Walz
100%
Tina Kotek
100%
Tony Evers
100%
Josh Shapiro
88%
Michelle Lujan Grisham
80%
Mike Braun
80%
Phil Scott
80%
Abigail Spanberger
75%
Brian Kemp
75%
Greg Abbott
75%
Ned Lamont
75%
Andy Beshear
67%
Janet Mills
67%
Jared Polis
67%
Josh Stein
67%
Kathy Hochul
67%
Mikie Sherrill
67%
Tate Reeves
60%
Henry McMaster
57%
Brad Little
50%
Daniel McKee
50%
Jim Pillen
50%
Kim Reynolds
50%
Mark Gordon
50%
Maura Healey
50%
Mike DeWine
50%
Jeff Landry
40%
Bill Lee
33%
Greg Gianforte
33%
Joe Lombardo
33%
Kelly Armstrong
33%
Mike Kehoe
33%
Bob Ferguson
25%
Josh Green
25%
Albert Bryan
0%
David M. Apatang
0%
Jenniffer González-Colón
0%
Kelly Ayotte
0%
Larry Rhoden
0%
Lou Leon Guerrero
0%
Matt Meyer
0%
Pula Nikolao Pula
0%
Wes Moore
0%
No matching quizzes found
Score Distribution
Percent of People with Each Score
Percentile by Number Answered
Your Score History
You have not taken this quiz since the last reset